| 000 | 01309nam a2200349Ia 4500 | ||
|---|---|---|---|
| 001 | dia_5630 | ||
| 003 | CHAP | ||
| 005 | 20240214114107.0 | ||
| 007 | ta | ||
| 008 | 220117s1997 mx adb f 001 0 spa d | ||
| 040 |
_cCHAP _amxchpua |
||
| 090 |
_aT.C.235 _bV55 SAI _c1997 |
||
| 245 | 1 | 0 |
_aSistema agroindustrial leche en la costa de Chiapas / _ccoordinador Abraham Villegas de Gante ; colaborador Arturo Martínez Pérez...[et al.] |
| 260 |
_aMéxico : _bEl autor _c1997 |
||
| 300 |
_acerca 100 hojas : _bilustraciones, tablas, gráficas, mapas |
||
| 336 |
_2rdacontent _atexto _btxt |
||
| 337 |
_2rdamedia _asin medio _bn |
||
| 338 |
_2rdacarrier _avolumen _bnc |
||
| 500 | _aGrado : 6° año Grupo : A Incluye directorio | ||
| 502 |
_aViaje de Estudios _b(SAI) -- _cUACh. Departamento de Ingeniería Agroindustrial, _d1997 |
||
| 504 | _aBibliografía : hoja 76 | ||
| 650 | 1 | 3 |
_aIndustria láctea _9143326 _zMexico _zChiapas |
| 650 | 1 | 3 |
_aMilk industry _9147869 _zMéxico _zChiapas |
| 700 | 1 |
_aVillegas de Gante, Abraham Zacarias _9185141 _ecoordinador |
|
| 700 | 1 |
_aMartínez Pérez, Arturo _972385 _ecolaborador |
|
| 901 | _aT.C.235 V55 SAI 1997 | ||
| 902 | _aM | ||
| 905 | _a5332271997 mx mnb 8223123322spa16 | ||
| 942 | _2local | ||
| 942 | _cVE | ||
| 999 |
_c176609 _d176609 |
||